Double Entry Book Keeping-XII-Vol-II (Record no. 11234)

MARC details
000 -LEADER
fixed length control field 00273nam a22000977a 4500
008 - FIXED-LENGTH DATA ELEMENTS--GENERAL INFORMATION
fixed length control field 181106b ||||| |||| 00| 0 eng d
020 ## - INTERNATIONAL STANDARD BOOK NUMBER
International Standard Book Number 9788183507820
100 ## - MAIN ENTRY--PERSONAL NAME
Personal name Grewal's,T.S.
9 (RLIN) 6984
245 ## - TITLE STATEMENT
Title Double Entry Book Keeping-XII-Vol-II
260 ## - PUBLICATION, DISTRIBUTION, ETC. (IMPRINT)
Place of publication, distribution, etc. New Delhi
Name of publisher, distributor, etc. Sultan Chand
Date of publication, distribution, etc. 2018
Holdings
Withdrawn status Lost status Source of classification or shelving scheme Damaged status Koha normalized classification for sorting Not for loan Home library Current library Shelving location Date acquired Total Checkouts Full call number Barcode Date last seen Price effective from Koha item type
    Dewey Decimal Classification   657_000000000000000   Good Samaritan School Library Good Samaritan School Library Accountancy 11/06/2018   657 GER15189 11/06/2018 11/06/2018 BOOK

Powered by Koha